[Event "7th RTU Open 2017"]
[Site "Riga"]
[Date "2017.08.11"]
[Round "7"]
[White "Meskovs, Nikita"]
[Black "Shirov, Alexei"]
[Result "1/2-1/2"]
[WhiteElo "2495"]
[BlackElo "2648"]
[Annotator "TA"]
[PlyCount "34"]
[EventDate "2017.??.??"]
[EventType "swiss"]
[EventCountry "LAT"]
[SourceTitle "playchess.com"]
[Source "ChessBase"]
[SourceQuality "1"]

{[%evp 24,27,0,0,0,0]} 1. Nf3 d5 2. g3 g6 3. Bg2 Bg7 4. d4 Nf6 5. O-O O-O 6. c4 c6 7. Qb3 Qb6 8. Nc3 Bf5 9. Qxb6 axb6 10. cxd5 {D78: Fianchetto Grünfeld: 6 0-0 c6} Nxd5 11. Nxd5 cxd5 12. Bd2 Nc6 13. e3 {LiveBook: 6 Games} Rfc8 (13... Be4 14. Rfc1 Rfc8 15. Bc3 {½-½ (28) Ruck,R (2566)-Predojevic,B (2640) Sibenik 2016}) 14. Rfc1 {Find the theoretical novelty and annotate with similar games:} e6 $146 15. Be1 f6 16. Nd2 Bd3 17. Rc3 Nb4 {½-½ (31) Vaiksnoras,J-Primakov,V (2251) ICCF email 2009} 1/2-1/2

[Event "7th RTU Open 2017"]
[Site "Riga"]
[Date "2017.08.11"]
[Round "7"]
[White "Pavlov, Sergey"]
[Black "Onischuk, Vladimir"]
[Result "1/2-1/2"]
[WhiteElo "2475"]
[BlackElo "2610"]
[Annotator "TA"]
[PlyCount "33"]
[EventDate "2017.??.??"]
[EventType "swiss"]
[EventCountry "LAT"]
[SourceTitle "playchess.com"]
[Source "ChessBase"]
[SourceQuality "1"]

{[%evp 16,23,33,28,51,37,38,40,62,61]} 1. Nf3 g6 2. c4 Bg7 3. d4 d6 4. Nc3 Nf6 5. g3 O-O 6. Bg2 Nbd7 7. O-O e5 8. e4 c6 9. h3 b6 {E69: King's Indian: Fianchetto: 6...Nbd7 7 0-0 e5 8 e4 c6 9 h3} 10. Be3 {White is slightly better.} Bb7 11. Qc2 exd4 12. Nxd4 {Find the theoretical novelty and annotate with similar games:} a6 $146 13. a4 Re8 14. Rad1 Qe7 15. Rfe1 c5 16. Nf3 Nf8 17. Bf4 {1-0 (77) Matlakov,M (2695)-Onischuk,V (2583) Yerevan 2014} 1/2-1/2

[Event "7th RTU Open 2017"]
[Site "Riga"]
[Date "2017.08.11"]
[Round "7"]
[White "Tang, Andrew"]
[Black "Kovchan, Alexander"]
[Result "0-1"]
[WhiteElo "2475"]
[BlackElo "2587"]
[Annotator "TA"]
[PlyCount "125"]
[EventDate "2017.??.??"]
[EventType "swiss"]
[EventCountry "LAT"]
[SourceTitle "playchess.com"]
[Source "ChessBase"]
[SourceQuality "1"]

{[%evp 19,125,21,21,2,11,29,31,17,18,-6,0,8,19,-25,-25,-37,-35,-29,-30,-22,-25,-21,-8,-14,-16,-18,12,20,25,25,20,22,18,19,34,0,22,0,25,16,25,0,12,0,0,0,0,0,0,0,0,0,0,0,0,-35,-46,-42,-43,-46,-46,-210,-235,-313,-287,-472,-460,-553,-27,-27,0,-550,-543,-515,-360,-543,-421,-372,0,-490,-541,-1238,-1206,-1009,-940,-1181,-1204,-2021,-1732,-5077,-191,-191,-191,-191,-8,-8,-8,-29972,-29974,-29975,-29976,-29976,-29977,-29975,-29977,-29978,-29979,-29989]} 1. d4 Nf6 2. c4 g6 3. f3 Nc6 4. d5 Ne5 {[%cal Bc6e5,Be5d7,Bd7c5][%mdl 32]} 5. e4 d6 6. Nc3 {E60: King's Indian: Unusual lines and Fianchetto Variation without Nc3} Bg7 7. f4 Ned7 8. Nh3 O-O 9. Be2 Nc5 10. Nf2 e6 {LiveBook: 11 Games} 11. O-O exd5 12. cxd5 c6 $146 13. dxc6 bxc6 14. Qc2 d5 15. e5 Bf5 16. Qd2 Nfe4 17. Ncxe4 Nxe4 ({Of course not} 17... dxe4 $6 18. g4 $16) 18. Nxe4 Bxe4 19. b3 f6 20. Ba3 Re8 21. Rac1 fxe5 22. Rxc6 Qh4 23. Bb2 Rad8 24. fxe5 Bxe5 25. Bxe5 Rxe5 26. Qd4 Qg5 {[%csl Ge4][%cal Rg5g2] [#]} 27. Rf2 Re7 28. Bf1 Bf5 29. h4 Qg3 30. Rc3 (30. h5 $5) 30... Qd6 31. Re3 Rxe3 32. Qxe3 d4 33. Qg5 Rf8 34. Bc4+ Kg7 $1 35. Qf4 Qxf4 36. Rxf4 $11 {[%mdl 4096] Endgame KRB-KRB} Rd8 {And now ...d3 would win.} 37. Rf2 d3 38. Rd2 Kh6 39. Kf2 Kh5 40. Ke3 $2 (40. Kg3 $1 $15) 40... Kxh4 $19 41. b4 Kg3 42. a4 $2 (42. Bxd3 h5 43. b5 Bxd3 44. Rxd3 Re8+ 45. Kd4+ Kxg2 46. Ra3) 42... h5 {[%cal Bh7h5,Bh5h4][%mdl 32]} 43. b5 Re8+ $2 (43... h4 $19 {aiming for ...Re8+.} 44. a5 Re8+ 45. Kd4 Be4) 44. Kd4 $11 Rd8+ $2 {[%mdl 8192]} (44... Be4 $11 45. a5 h4) 45. Ke3 $19 h4 46. a5 g5 47. a6 (47. b6 {was the only chance.} axb6 48. axb6) 47... Re8+ 48. Kd4 {Strongly threatening b6.} Rd8+ 49. Ke3 Rd6 50. Bxd3 Bxd3 51. Rxd3 {KR-KR} Re6+ 52. Kd2+ Kxg2 53. Rd7 Re5 54. Rxa7 Rxb5 $2 (54... h3 55. b6 Rb5) 55. Rg7 {intending a7.} Kf2 56. a7 Rd5+ $2 (56... Rb2+ $19 57. Kc3 Ra2 58. Rf7+ Kg3) 57. Kc3 $11 Ra5 58. Kd3 $2 {[%mdl 8192] [#]} (58. Kb4 $11 Rxa7 59. Rxa7) 58... h3 {Black mates.} 59. Rxg5 Rxa7 60. Rf5+ Kg3 61. Rg5+ Kh4 62. Rg8 Rh7 63. Kd4 {Precision: White = 42%, Black = 61%.} 0-1

[Event "7th RTU Open 2017"]
[Site "Riga"]
[Date "2017.08.11"]
[Round "7"]
[White "Baldauf, Marco"]
[Black "Sanal, Vahap"]
[Result "1/2-1/2"]
[WhiteElo "2460"]
[BlackElo "2539"]
[Annotator "TA"]
[PlyCount "120"]
[EventDate "2017.??.??"]
[EventType "swiss"]
[EventCountry "LAT"]
[SourceTitle "playchess.com"]
[Source "ChessBase"]
[SourceQuality "1"]

{[%evp 22,120,20,12,32,36,66,52,58,39,41,41,71,73,104,107,132,144,142,62,62,62,63,63,95,91,94,102,103,104,109,27,113,104,110,-12,50,16,73,81,67,52,95,0,0,0,0,0,0,0,0,0,0,0,14,0,0,0,49,0,0,0,0,0,0,0,155,12,12,0,0,0,0,0,0,2,7,0,0,0,0,0,0,0,0,0,0,0,0,0,0,0,0,0,0,0,0,0,0,0,0]} 1. d4 Nf6 2. c4 e6 3. Nc3 Bb4 4. Nf3 b6 5. Qc2 Bb7 6. a3 Bxc3+ 7. Qxc3 d6 8. g3 O-O 9. Bg2 a5 10. b3 Nbd7 11. O-O Be4 12. Bb2 {LiveBook: 14 Games} Qc8 {E32: Nimzo-Indian: Classical (4 Qc2): 4...0-0} (12... Qb8 13. Rac1 Qb7 14. Rfd1 Rfc8 15. Bh3 b5 16. Nd2 bxc4 17. bxc4 Rcb8 18. Ba1 Bg6 19. Bg2 c6 20. e4 {½-½ (76) Wang,H (2717)-Tomashevsky,E (2728) Huaian 2016}) 13. Bh3 Qa6 $146 ({Find the theoretical novelty and annotate with similar games:} 13... Bb7 14. Nd2 c5 15. Nf3 Qc7 16. Rad1 Rfe8 17. a4 d5 18. dxc5 Nxc5 {0-1 (60) Bartel,M (2260)-Sachdev,T (2398) Warsaw 2016}) 14. d5 e5 {White is slightly better.} 15. Nd2 Bg6 16. a4 Rad8 17. Rae1 Rfe8 18. f4 {[%cal Bf2f4,Bf4f5,Bf5f6,Bf6g7][%mdl 32]} Ne4 19. Nxe4 Bxe4 20. Bxd7 (20. Qe3 $16 Nc5 21. fxe5 dxe5 22. Ba3) 20... Rxd7 $14 21. f5 c6 $1 {[%cal Rc6d5]} 22. dxc6 Rdd8 23. Qe3 Bxc6 {[#]} 24. f6 $1 h6 25. Rf5 Re6 26. Ref1 ({Better is} 26. fxg7 $16 Ba8 27. Qf2) 26... Qb7 (26... Ba8 $1 $11 {keeps the balance.}) 27. fxg7 $16 Rd7 28. h3 (28. Bc1 $16) 28... Be4 (28... Bg2 $11 29. R1f2 Qe4 30. Qxb6 Bxh3) 29. Rh5 Bh1 (29... Kxg7 $11 30. Kh2 Qc6) 30. Rf2 Qe4 31. Qxb6 {And now Bc1 would win.} Kxg7 32. Rh4 ({White should play} 32. Bc1 $16) 32... Qb1+ $11 33. Rf1 Qxb2 34. Kxh1 Qxe2 35. Rg4+ Rg6 36. Rxg6+ Kxg6 {[%mdl 4096] Endgame KQR-KQR} 37. Rf2 Qe1+ 38. Kg2 Qe4+ 39. Kh2 Qb7 40. Qxa5 Qxb3 41. Qa8 {[#] White threatens Qg8+ and mate.} Kg7 42. Qe4 {Threatens to win with Qg4+.} Rc7 43. Qg4+ Kf8 $2 (43... Kh8 $11) 44. Qh4 (44. Qg6 $16 Qe3 45. Qxd6+ Kg8 46. Qf6) 44... Qe3 $1 {[%cal Re3f2] The position is equal.} 45. Qd8+ (45. Kg2 $5 {[%cal Rh4d8]} Qg5 46. Qe4 $11) 45... Kg7 46. Qf6+ (46. Kg2 $5 {[%cal Rd8c7]} Qe4+ 47. Kh2 $11) 46... Kh7 47. Qf5+ Kg8 48. a5 Qa7 49. g4 e4 50. Rg2 {Black must now prevent g5.} (50. Qf6 $5 {[%cal Rg4g5]} Qxa5 51. Qd8+ (51. Qxd6 Rxc4 52. Qxh6 Rc3 $11) 51... Kg7 52. Qxd6 $11) 50... Rc5 $1 {[%cal Rc5f5]} ({Wrong is} 50... Rxc4 $2 51. g5 $18) 51. Qxe4 Rxa5 52. Qf4 Qe7 53. Rf2 Qe6 54. Qf6 {Qd8+ is the strong threat.} Rc5 55. Qxe6 fxe6 {KR-KR} 56. Rf6 Re5 57. Rxh6 Kg7 58. g5 Rxg5 59. Rxe6 Rc5 60. Rxd6 {Hoping for Rd4.} Rxc4 {Precision: White = 55%, Black = 54%.} 1/2-1/2

[Event "7th RTU Open 2017"]
[Site "Riga"]
[Date "2017.08.11"]
[Round "7"]
[White "Ochsner, Bjorn Moller"]
[Black "Zakhartsov, Viacheslav V"]
[Result "0-1"]
[WhiteElo "2443"]
[BlackElo "2539"]
[Annotator "TA"]
[PlyCount "73"]
[EventDate "2017.??.??"]
[EventType "swiss"]
[EventCountry "LAT"]
[SourceTitle "playchess.com"]
[Source "ChessBase"]
[SourceQuality "1"]

{[%evp 14,73,31,29,37,33,33,32,30,27,29,8,8,9,25,24,25,10,24,17,24,32,14,-34,-15,-20,-26,-70,-53,-88,-87,-94,-79,-143,-158,-159,-160,-170,-183,-161,-135,-150,-151,-154,-165,-136,-143,-208,-214,-216,-172,-217,-205,-222,-197,-214,-184,-315,-312,-409,-397,-877]} 1. e4 c5 2. Nf3 d6 3. Bb5+ Nd7 4. O-O a6 5. Bd3 Ngf6 (5... b5 6. Re1 Bb7 7. a4 b4 8. Bc4 Ngf6 9. d3 e6 10. Nbd2 Be7 11. Nf1 O-O 12. Ng3 d5 {1-0 (50) Vachier Lagrave,M (2783)-Nepomniachtchi,I (2766) Leuven 2017}) 6. Re1 {B51: Sicilian: Moscow Variation (3 Bb5+) without 3...Bd7} g6 7. c3 Bg7 8. Bc2 {LiveBook: 34 Games. White is slightly better.} Ne5 9. Nxe5 dxe5 10. a4 b6 11. d3 O-O 12. Nd2 Qc7 13. Nc4 Be6 $146 14. a5 b5 15. Nb6 Rad8 16. Qe2 h5 17. Rf1 Kh7 {[%cal Bg8h7,Bh7h6,Bh6g7][%mdl 32]} 18. Kh1 Bh6 19. Bxh6 Kxh6 20. Rac1 Kg7 21. Bb1 Nd7 22. Nxd7 Rxd7 23. b4 (23. Qe3 $142) 23... Rc8 $17 {[#] And now ...cxb4 would win.} 24. Qe3 Rdd8 25. bxc5 Qxc5 26. Qd2 Qc7 27. f4 exf4 28. d4 f6 29. d5 Bf7 ({Inferior is} 29... Qxa5 30. Qxf4 Rxc3 31. e5 $14 (31. dxe6 Qb4 $11)) 30. Bd3 (30. Qxf4 $17 Qxf4 31. Rxf4) 30... Qxa5 $19 31. Rxf4 Qc7 32. Rff1 Qe5 33. Rfe1 Rc5 34. c4 Rdc8 {[%cal Rb5c4]} 35. Qa2 (35. cxb5 $142 Rxc1 36. Rxc1 Rxc1+ 37. Qxc1 axb5 38. Qb1) 35... bxc4 36. Bf1 a5 37. Rxc4 $2 {Precision: White = 51%, Black = 89%.} (37. Qc2) 0-1

[Event "7th RTU Open 2017"]
[Site "Riga"]
[Date "2017.08.11"]
[Round "7"]
[White "Lugovskoy, Maxim"]
[Black "Dastan, Muhammed Batuhan"]
[Result "1-0"]
[WhiteElo "2440"]
[BlackElo "2529"]
[Annotator "TA"]
[PlyCount "135"]
[EventDate "2017.??.??"]
[EventType "swiss"]
[EventCountry "LAT"]
[SourceTitle "playchess.com"]
[Source "ChessBase"]
[SourceQuality "1"]

{[%evp 23,135,0,0,0,0,0,42,-30,-27,-9,27,-114,-62,-50,28,20,34,26,39,37,37,40,54,20,244,237,246,241,349,320,763,714,841,765,768,793,868,864,804,707,1198,1201,1163,1165,896,20,20,20,8,14,10,24,40,34,51,35,33,8,8,8,24,16,8,49,327,302,310,319,337,337,524,518,535,535,479,535,534,535,529,522,521,498,876,868,835,798,833,617,617,570,559,371,371,364,880,768,29962,29964,29968,29968,29967,29968,29968,29970,29972,29974,29974,29973,29980,29978,29983,29984,29991,29992]} 1. e4 c5 2. Nf3 d6 3. Bb5+ Nc6 4. O-O Bd7 5. Re1 Nf6 6. c3 a6 7. Bxc6 Bxc6 8. d4 Bxe4 9. Bg5 Bc6 10. Bxf6 gxf6 11. d5 {B51: Sicilian: Moscow Variation (3 Bb5+) without 3...Bd7} Bd7 12. Nbd2 Qc7 {LiveBook: 9 Games} (12... e5 13. dxe6 Bxe6 14. Nc4 d5 15. Ne3 Be7 16. Qa4+ Qd7 17. Qxd7+ Kxd7 18. Nxd5 Bxd5 {0-1 (53) Muzychuk,A (2561)-Edouard,R (2628) Cap d'Agde 2016}) 13. a4 {The position is equal.} Rg8 14. Nc4 $146 ({Predecessor:} 14. Qc2 Rg7 15. Qd3 Rc8 16. Ne4 Kd8 17. c4 Bf5 18. Qc3 Bxe4 19. Rxe4 Qd7 20. Qa5+ Qc7 21. Qc3 Qd7 22. Qa5+ Qc7 23. Qc3 {½-½ (23) Rayner,F (2080)-Cunningham,R (2263) Hastings 2016}) 14... O-O-O 15. Nfd2 ({Better is} 15. b4 $14) 15... Kb8 $11 16. b4 e6 (16... Bh3 $5 17. g3 cxb4 18. cxb4 Rg4 $11) 17. Qf3 (17. b5 $1 $11 {remains equal.}) 17... exd5 (17... Bh6 $17 18. Ne3 Bxe3 19. Rxe3 exd5 20. Qxf6 d4 $1 {[%mdl 512]} 21. cxd4 cxb4) 18. Ne3 $1 $15 Be6 (18... cxb4 $15 19. Nxd5 Qc6 20. cxb4 Be6 21. Nxf6 Qxf3 22. Nxf3 Bg7 23. Nxg8 Bxa1 24. Rxa1 Rxg8) 19. b5 $1 $11 Rg5 20. bxa6 bxa6 21. Qe2 Ka7 22. f4 $1 $36 {[%cal Rf4g5][%mdl 2048] White is more active.} Rg8 23. f5 Bc8 $2 (23... d4 $11 24. cxd4 Bc8) 24. Nxd5 $18 Qc6 {[#]} 25. c4 $1 (25. Nxf6 Rg7 $11) 25... Bxf5 {[#]} (25... Bd7 {was necessary.} 26. Qh5 (26. Nxf6 Bg7 $11) 26... Qc8) 26. Nb3 $1 a5 $2 (26... Rb8) 27. Qf3 Bd7 28. Rab1 Qa6 29. Qc3 f5 30. Nxa5 Bg7 31. Qd2 {Black must now prevent Rb7+.} Bd4+ 32. Kh1 {Intending Rb7+ and mate.} Rb8 33. Nc7 Be3 34. Nxa6 $2 ({Only move:} 34. Qd5 $18 Qxa5 35. Nb5+ Rxb5 36. axb5) 34... Bxd2 $11 35. Nxb8 Rxb8 36. Rxb8 Kxb8 $18 {[%mdl 4096] Endgame KRN-KB} 37. Rb1+ Bb4 38. Nb3 Bxa4 {[#]} 39. Nd4 $1 {[%mdl 512]} Kc7 (39... cxd4 40. Rxb4+) 40. Ra1 {[%mdl 1024] White has compensation.} Bd7 ({Much weaker is} 40... cxd4 $6 41. Rxa4 Bc5 42. Kg1 $16) 41. Ra7+ Kd8 42. Nb5 d5 $1 {[%cal Rd5c4]} 43. Nd6 d4 $2 {[%mdl 8192]} (43... dxc4 $14 44. Nxf7+ Ke8 45. Nd6+ Kd8 46. Nxc4 Bc3) 44. Nxf7+ Ke8 45. Ne5 Be6 46. Nc6 ({Not} 46. Rxh7 Bd2 $18) 46... Bd7 (46... Kf8 $142 47. Nxb4 cxb4) 47. Ra8+ Kf7 48. Ne5+ Ke6 49. Nxd7 Kxd7 {KR-KB} 50. Kg1 Ke6 51. Rh8 d3 52. Kf2 Ke5 (52... Bd2 $142 53. Re8+ Kf6) 53. Ke3 d2 54. Ke2 Kd4 55. Kd1 Kxc4 56. Kc2 Kd4 57. Rxh7 Ke3 58. Re7+ Kf2 $2 (58... Kf4 59. Re8 Kg5) 59. h4 {[%cal Bh2h4,Bh4h5,Bh5h6,Bh6h7][%mdl 32]} Kxg2 60. h5 {White mates.} f4 61. h6 Bc3 {[#]} 62. Rg7+ $1 {[%mdl 512]} Kf2 (62... Bxg7 63. hxg7) 63. Rd7 Ba1 64. Kxd2 f3 65. Rd8 Kf1 66. h7 c4 67. Ke3 Ke1 68. Rb8 {Precision: White = 79%, Black = 34%.} 1-0

[Event "7th RTU Open 2017"]
[Site "Riga"]
[Date "2017.08.11"]
[Round "7"]
[White "Mu, Ke"]
[Black "Fridman, Daniel"]
[Result "1-0"]
[WhiteElo "2411"]
[BlackElo "2640"]
[Annotator "TA"]
[PlyCount "115"]
[EventDate "2017.??.??"]
[EventType "swiss"]
[EventCountry "LAT"]
[SourceTitle "playchess.com"]
[Source "ChessBase"]
[SourceQuality "1"]

{[%evp 16,115,12,9,62,12,11,0,20,12,26,0,0,11,12,12,40,8,45,14,40,28,29,0,0,0,0,0,-2,-17,0,0,0,0,8,12,8,0,0,0,0,0,75,67,80,65,84,69,136,124,132,139,189,119,118,118,166,32,32,32,32,33,43,70,71,71,73,33,33,33,33,33,33,0,49,47,49,49,49,51,735,745,678,655,557,529,12850,12850,12850,12847,12847,12847,12848,12848,12849,12849,12850,12850,12850,29979,29978,29979]} 1. d4 Nf6 2. c4 e6 3. Nf3 d5 4. Nc3 c6 5. Bg5 Nbd7 6. e3 Qa5 7. cxd5 exd5 8. Bd3 Ne4 9. O-O {LiveBook: 76 Games} Ndf6 {D52: Queen's Gambit Declined: Cambridge Springs Variation} (9... Nxg5 $11 10. Nxg5 Nf6) (9... Nxg5 10. Nxg5 Nf6 11. Qc2 h6 12. Nf3 Bd6 13. Rae1 O-O 14. Ne5 Bxe5 15. dxe5 Nd7 16. f4 Nc5 17. Bh7+ Kh8 18. a3 g6 19. Bxg6 fxg6 20. Qxg6 {½-½ (32) Wagner,D (2583)-Bu,X (2724) Moscow 2016}) 10. Bxf6 Nxf6 11. Ne5 Bb4 {The position is equal.} 12. Qc2 $146 ({Predecessor:} 12. Rc1 O-O 13. a3 Bxc3 14. Rxc3 Qd8 15. b4 Qd6 16. Qb1 a6 17. Rfc1 {½-½ (31) Vuckovic,B (2623)-Matjushin,G (2490) Cappelle-la-Grande 2011}) 12... O-O 13. a3 Bd6 14. f4 {[%cal Bf2f4,Bf4f5][%mdl 32]} Qd8 15. Rae1 Re8 16. Qf2 g6 17. Qf3 Re7 18. Kh1 Qf8 19. f5 {[%cal Rf5g6]} Bxe5 20. dxe5 Nd7 $1 {[%cal Rd7e5]} 21. e6 Ne5 22. Qd1 gxf5 23. Bxf5 Qg7 24. exf7+ Rxf7 25. Bxc8 Rxc8 26. Rxf7 Nxf7 27. e4 d4 28. Ne2 Rd8 (28... c5 $11) 29. Nf4 $16 {Threatens to win with Ne6.} Rd6 30. Qb3 $36 {[%mdl 2048] White fights for an advantage.} Qe5 31. Nd3 $1 {[%cal Rd3e5]} Qe7 (31... Qb5 $14 32. Qd1 Qg5) 32. h3 Kg7 33. e5 Rd5 {[#]} 34. Qc4 (34. Qd1 $1 $18) 34... a5 35. Re4 h5 36. Rxd4 ({White should try} 36. Qc1 $18) 36... b5 $1 $14 {[%cal Rb5c4]} 37. Qc3 b4 $1 {[%cal Rb4c3]} 38. axb4 axb4 39. Nxb4 Rxd4 40. Qxd4 c5 {[%cal Bc6c5,Bc5d4,Bd4d3,Bd3d2][%mdl 32]} 41. Nc6 {Hoping for Qc3.} cxd4 42. Nxe7 {[%mdl 4096] Endgame And now Nf5+ would win. KN-KN} d3 43. Nf5+ Kg6 44. e6 Ne5 (44... Nd6 {seems wilder.} 45. Ne3 Kf6 46. e7 Kxe7 47. Nd5+ Kf7) 45. Ne3 Kf6 46. Kg1 {aiming for Kf1.} d2 $1 47. Nd1 {Black must now prevent Kf2.} Kxe6 $2 {[%mdl 8192]} (47... Nd3 $14) 48. Kf2 $18 Kf5 49. Ke3 Nc4+ 50. Kd3 Nxb2+ 51. Nxb2 {KN-KPP} Kf4 52. Ke2 Kg3 {[#]} 53. Kf1 $1 h4 54. Nd1 Kf4 55. Kf2 Ke4 56. Ke2 Kf4 57. Kxd2 Kg3 58. Ne3 {Precision: White = 56%, Black = 44%.} 1-0

[Event "7th RTU Open 2017"]
[Site "Riga"]
[Date "2017.08.11"]
[Round "7"]
[White "Laurusas, Tomas"]
[Black "Ovsejevitsch, Sergei"]
[Result "0-1"]
[WhiteElo "2409"]
[BlackElo "2596"]
[Annotator "TA"]
[PlyCount "66"]
[EventDate "2017.??.??"]
[EventType "swiss"]
[EventCountry "LAT"]
[SourceTitle "playchess.com"]
[Source "ChessBase"]
[SourceQuality "1"]

{[%evp 30,66,4,11,0,13,19,5,18,21,15,15,46,56,44,54,99,87,128,131,143,149,142,0,35,31,82,-57,-58,-84,-22,-387,-368,-2879,-2645,-1997,-1288,-29993,-29994]} 1. d4 Nf6 2. c4 e6 3. Nf3 d5 4. Nc3 Be7 5. Bg5 O-O 6. e3 Nbd7 7. cxd5 exd5 8. Bd3 Re8 9. O-O c6 10. Qc2 Nf8 11. Ne5 Ng4 12. Bxe7 Qxe7 13. Nxg4 Bxg4 14. Rae1 Bh5 15. f4 {[%cal Bf2f4,Bf4f5][%mdl 32] D36: Queen's Gambit Declined: Exchange Variation: Main line (5 Bg5 c6 6 Qc2)} f6 16. Qf2 {LiveBook: 3 Games} (16. e4 Qb4 17. Qf2 dxe4 18. Rxe4 Bf7 19. a3 Qd6 20. Rfe1 Rxe4 21. Nxe4 Qd5 22. Nc3 Qd6 23. Ne4 Qd5 24. Nc3 Qd6 {½-½ (24) Seyed,J (2421)-Kalugin,S (2410) Rilsk 2017}) 16... Bg6 17. f5 {The position is equal.} Bf7 18. Qh4 c5 $146 ({Find the theoretical novelty and annotate with similar games:} 18... Qb4 19. Re2 Re7 20. Rf3 Rae8 21. Rg3 Kh8 22. Qg4 Bg8 {½-½ (34) Sipahioglu,I (2060)-Korkmaz,N (2078) Konya 2017}) 19. dxc5 Qxc5 20. Qd4 Qa5 21. Nb5 {[%cal Bc3b5,Bb5a7,Ba7c8][%mdl 32]} Red8 22. Rc1 $36 {[%mdl 2048] Black is under pressure.} Rd7 23. b4 Qd8 24. Nxa7 Qb8 25. Nc8 $1 {[%cal Rc8b6] Nb6 is the strong threat.} Rxa2 26. Qb6 (26. Nb6 $16 Rd8 27. Rcd1) 26... d4 27. e4 {aiming for Bb5.} h5 (27... h6 $14) 28. Rc5 ({White should try} 28. Bb5 $16 Qe5 29. Bxd7 Qxe4 30. Bc6 (30. Rf3 Qe2 $17) 30... bxc6 31. Qxc6 Rxg2+ 32. Kh1 Qxc6 33. Rxc6) 28... h4 $1 $15 {[%cal Bh5h4,Bh4h3][%mdl 32]} 29. e5 {Black must now prevent e6.} h3 $1 ({Not} 29... fxe5 $2 30. f6 $18) 30. g3 $2 {[%mdl 8192] [#]} (30. Rf2 $11 {and White has nothing to worry.} Ra1+ 31. Rf1 Rxf1+ 32. Bxf1) 30... Qa8 $1 $19 {Hoping for ...Rg2+.} 31. Be4 $2 (31. e6 Rg2+ 32. Kh1 {[#]} Qa2 $3 $19 {[%mdl 512]}) (31. Ra5 Rg2+ 32. Kh1 Qxc8 33. e6) 31... Qa3 32. Re1 d3 {( -> ...d2)} ({Inferior is} 32... Qb2 33. Rc2 $14) 33. Rd1 Qb2 {Precision: White = 43%, Black = 55%.} 0-1

[Event "7th RTU Open 2017"]
[Site "Riga"]
[Date "2017.08.11"]
[Round "7"]
[White "Bruedigam, Martin"]
[Black "Braun, Arik"]
[Result "0-1"]
[WhiteElo "2408"]
[BlackElo "2577"]
[Annotator "TA"]
[PlyCount "26"]
[EventDate "2017.??.??"]
[EventType "swiss"]
[EventCountry "LAT"]
[SourceTitle "playchess.com"]
[Source "ChessBase"]
[SourceQuality "1"]

{[%evp 13,26,25,20,18,35,0,-6,-6,-14,-59,-58,-67,-56,-493,-487]} 1. e4 c6 2. d4 d5 3. e5 Bf5 4. Nf3 e6 5. Be2 Ne7 6. O-O Ng6 {B12: Caro-Kann: Advance Variation} 7. Ne1 h5 {LiveBook: 3 Games} 8. Be3 Nd7 {The position is equal.} 9. Nd2 Ndxe5 10. dxe5 {[#] aiming for Ndf3.} d4 11. Bxd4 $146 ({Find the theoretical novelty and annotate with similar games:} 11. Nc4 dxe3 12. Nxe3 Nxe5 13. Nxf5 exf5 14. Nd3 {½-½ (52) Harikrishna,P (2766)-Rapport,R (2702) Wijk aan Zee 2017}) 11... Qxd4 12. Nc4 Nf4 13. c3 $2 {[%mdl 8192]} (13. Nf3 $15 Qe4 14. Bd3 Nxd3 15. cxd3 Qxd3 16. Nd6+ Bxd6 17. exd6) 13... Qe4 0-1

[Event "7th RTU Open 2017"]
[Site "Riga"]
[Date "2017.08.11"]
[Round "7"]
[White "Lodici, Lorenzo"]
[Black "Tregubov, Pavel V"]
[Result "1/2-1/2"]
[WhiteElo "2408"]
[BlackElo "2593"]
[Annotator "TA"]
[PlyCount "57"]
[EventDate "2017.??.??"]
[EventType "swiss"]
[EventCountry "LAT"]
[SourceTitle "playchess.com"]
[Source "ChessBase"]
[SourceQuality "1"]

{[%evp 23,57,4,6,0,0,0,0,0,0,0,2,0,0,0,0,0,0,0,0,0,0,0,0,0,0,0,25,20,34,24,31,0,23,23,23,0]} 1. d4 Nf6 2. c4 e6 3. Nc3 Bb4 4. e3 O-O 5. Bd3 d5 6. Nf3 b6 7. O-O Bb7 8. cxd5 exd5 9. a3 Bd6 10. b4 a6 11. Qb3 Qe7 12. Rb1 {E52: Nimzo-Indian: Rubinstein: 4...0-0 5 Nf3 d5 6 Bd3 b6} Re8 {LiveBook: 3 Games} 13. a4 (13. h3 {keeps more tension.} Nbd7 14. a4 h6 15. b5 Qe6 16. Bb2) 13... Nc6 {[%cal Rc6b4]} 14. Nxd5 {The position is equal.} Nxd5 15. Qxd5 Nxb4 16. Qxb7 {[#] Strongly threatening Rxb4.} Nxd3 17. Bd2 $146 ({Find the theoretical novelty and annotate with similar games:} 17. Qc6 Nb4 18. Qc4 a5 19. Bd2 Qd7 {½-½ (54) Mkrtchian,L (2465)-Jakovenko,D (2723) Yerevan 2014}) 17... a5 18. Qc6 Nb4 19. Bxb4 axb4 20. Ne5 Bxe5 21. dxe5 Red8 22. Rfc1 Ra5 23. g3 g6 ({Much worse is} 23... Qxe5 $6 24. Rxb4 g6 25. Qxc7 $16) 24. Kg2 Rd2 ({Reject} 24... Rxe5 $6 25. Qxc7 Rxe3 26. Qxb6 $14 (26. fxe3 Qe4+ 27. Kg1 Qxe3+ 28. Kh1 Qe4+ 29. Kg1 Qe3+ 30. Kh1 Qe4+ 31. Kg1 Qe3+ $11)) 25. Qxc7 Qxc7 26. Rxc7 Rxa4 27. Rc6 Ra5 28. Rxb4 {aiming for Re4.} Rxe5 29. Rcxb6 {Precision: White = 69%, Black = 74%.} (29. Rbxb6 $2 Rf5 $17) 1/2-1/2